Eurovision Song Lyrics - Denmark - Statistics

General Stats
  • This quiz has been taken 24 times
  • The average score is 191 of 281
Answer Stats
Answer % Correct
a
100%
I
100%
you
100%
You
100%
go
87%
let
87%
the
87%
The
87%
to
87%
me
80%
So
80%
this
80%
This
80%
when
80%
will
80%
And
73%
and
73%
it
73%
never
73%
can
67%
is
67%
keep
67%
not
67%
show
67%
All
60%
all
60%
I'm
60%
of
60%
sorry
60%
up
60%
what
60%
with
60%
am
53%
If
53%
in
53%
said
53%
be
47%
How
47%
how
47%
just
47%
my
47%
stop
47%
that
47%
things
47%
try
47%
want
47%
was
47%
can't
40%
it's
40%
I've
40%
kid
40%
now
40%
you're
40%
afraid
33%
followed
33%
front
33%
gonna
33%
I'll
33%
most
33%
needed
33%
That's
33%
wanted
33%
what's
33%
become
27%
blocked
27%
dropped
27%
fit
27%
forever
27%
forget
27%
four)
27%
(One
27%
three
27%
two
27%
after
20%
could've
20%
head
20%
Telling
20%
understood
20%
Year
20%
year
20%
playing
13%
kept
0%
words
0%
No matching quizzes found
Score Distribution
Percent of People with Each Score
Percentile by Number Answered
Your Score History
You have not taken this quiz